President by Medal of Freedom Recipients - Statistics

General Stats
  • This quiz has been taken 23 times
  • The average score is 10 of 12
Answer Stats
# of Medals Awarded Notable Examples President % Correct
118 Oprah Winfrey, Tom Hanks Barack Obama
100%
89 Rosa Parks, Cesar Chavez Bill Clinton
90%
82 Bill Cosby (Unfortunately), Muhammad Ali George W. Bush
90%
25 Elvis Presley, Tiger Woods. Charlie Kirk Donald Trump
86%
38 Margaret Thatcher, Dick Cheney George H.W. Bush
86%
56 Nancy Pelosi, Lionel Messi Joe Biden
86%
58 Walt Disney, Helen Keller Lyndon B. Johnson
86%
86 Frank Sinatra, Mother Teresa Ronald Reagan
86%
34 Martin Luther King Jr., John Wayne Jimmy Carter
81%
28 Joe DiMaggio, Georgia O'Keefe Gerald Ford
71%
28 Neil Armstrong, Duke Ellington Richard Nixon
71%
31 E.B. White, Jean Monnet John F. Kennedy
67%
No matching quizzes found
Score Distribution
Percent of People with Each Score
Percentile by Number Answered
Your Score History
You have not taken this quiz